| 000 | 00697nam a22002297a 4500 | ||
|---|---|---|---|
| 003 | NALT | ||
| 005 | 20250930105013.0 | ||
| 008 | s2555 th 1 tha d | ||
| 020 | _a9786167155319 | ||
| 040 | _aNALT | ||
| 041 | _atha | ||
| 050 | _a | ||
| 090 |
_aFIC _bร915บ 2555 |
||
| 100 | 0 |
_aแรเงา _99321 |
|
| 245 | 1 | 0 |
_aบัลลังก์นางพญา / _cแรเงา. |
| 260 |
_aกรุงเทพฯ : _bเพื่อนกัน พับลิชชิ่ง, _c2555 |
||
| 300 |
_a527 หน้า ; _b _c21 ซม. |
||
| 650 | 4 |
_aนวนิยาย _93785 |
|
| 850 | _aNALT | ||
| 942 |
_cFIC _2local |
||
| 996 |
_asaiphon.d _bCATSTF _c2025-09-30 |
||
| 999 |
_c74097 _d74097 |
||
| 998 |
_j104 _k นางสาวสายฝน ดีงาม |
||